00351nam a22001217a 4500020002200000041000800022082001700030100002800047245008800075260004100163300000800204650001700212 a978-81-7261-284-9 aENG a299.93 bOSH aOsho (Bhagwan Rajneesh) aZarathustra: The Laughing Prophet: On Friedrich Nietzsche's Thus Spake Azarathustra aPunebOsho Media Internationalc2013 a346 aSpirituality